LEADER 01276nam--2200373---450- 001 990003611490203316 005 20120117111643.0 010 $a978-88-348-1657-8 035 $a000361149 035 $aUSA01000361149 035 $a(ALEPH)000361149USA01 035 $a000361149 100 $a20120117d2011----km-y0itay50------ba 101 $aita 102 $aIT 105 $a||||||||001yy 200 1 $a<> œgovernance degli enti locali$eprincipi e strumenti$fa cura di Renato Mele ... [et al.] 210 $aTorino$cGiappichelli$d2011 215 $aXVIII, 339 p.$d24 cm 225 2 $aCollana di studi e ricerche aziendali$iDipartimento di studi e ricerche aziendali, Universitą di Salerno$v54 410 0$12001$aCollana di studi e ricerche aziendali$iDipartimento di studi e ricerche aziendali, Universitą di Salerno$v, 54 454 1$12001 461 1$1001-------$12001 606 0 $aEnti locali$xGestione$yItalia$2BNCF 676 $a352.32140945 702 1$aMELE,$bRenato 801 0$aIT$bsalbc$gISBD 912 $a990003611490203316 951 $a352.321 GOV 1$b20085 EC.$c352.321 GOV$d00305516 959 $aBK 969 $aECO 979 $aFIORELLA$b90$c20120117$lUSA01$h1114 979 $aFIORELLA$b90$c20120117$lUSA01$h1116 997 $aUNISA LEADER 00879cam0-2200313---450- 001 990008472050403321 005 20090112131927.0 035 $a000847205 035 $aFED01000847205 035 $a(Aleph)000847205FED01 035 $a000847205 100 $a20070221d1963----km-y0itay50------ba 101 0 $aeng 102 $aGB 105 $a----a---001yy 200 1 $aEnglish literature, 1815-1832$fby Ian Jack 210 $aOxford$cClarendon Press$d1963 215 $aXII, 643 p.$d23 cm 225 1 $a<>Oxford history of english literature$v10 610 0 $aLetteratura inglese$aSec.19. 676 $a820.9007 700 1$aJack,$bIan$0167682 801 0$aIT$bUNINA$c20070221$gRICA$2UNIMARC 901 $aBK 912 $a990008472050403321 952 $a820.9007 JAC 1$fFLFBC 959 $aFLFBC 996 $aEnglish literature, 1815-1832$974529 997 $aUNINA LEADER 00928cam0-2200265---450 001 990005728550403321 005 20260327095154.0 035 $a000572855 035 $aFED01000572855 035 $a(Aleph)000572855FED01 100 $a19990604d1958----km-y1itay50------ba 101 0 $aita 105 $ay-------001yy 200 1 $aGrammatica dei dialetti abruzzesi$eFonologia, morfologia, sintasssi con l'aggiunta di poesia e racconti inediti$fErnesto Giammarco 210 $aPescara$cAttraverso l'Abruzzo$d1958 215 $a77 p.$d21 cm 225 1 $aCentro studi abruzzesi. Collana dei documenti e di saggi critici, biografici e storici$v5 700 1$aGiammarco,$bErnesto$f<1916-1987>$0161461 801 0$aIT$bUNINA$gREICAT$2UNIMARC 901 $aBK 912 $a990005728550403321 952 $a457.62 GIAM 04$bIst.Glott. 455$fFLFBC 959 $aFLFBC 996 $aGrammatica dei dialetti abruzzesi$9573300 997 $aUNINA